Law of torts (Record no. 1153138)

MARC details
000 -LEADER
fixed length control field 00615nam a2200253Ia 4500
003 - CONTROL NUMBER IDENTIFIER
control field OSt
005 - DATE AND TIME OF LATEST TRANSACTION
control field 20221007074630.0
008 - FIXED-LENGTH DATA ELEMENTS--GENERAL INFORMATION
fixed length control field 221006b |||||||| |||| 00| 0 eng d
037 ## - SOURCE OF ACQUISITION
Terms of availability Textual
040 ## - CATALOGING SOURCE
Original cataloging agency FLL
Transcribing agency FLL
Language of cataloging eng
041 ## - LANGUAGE CODE
Source of code eng
Language code of text/sound track or separate title eng
100 ## - MAIN ENTRY--PERSONAL NAME
Personal name Ratanlal
245 #0 - TITLE STATEMENT
Title Law of torts
250 ## - EDITION STATEMENT
Edition statement 25th
260 ## - PUBLICATION, DISTRIBUTION, ETC.
Place of publication, distribution, etc. Nagpur
Name of publisher, distributor, etc. Wadhwa & Company India
Date of publication, distribution, etc. 2006
300 ## - PHYSICAL DESCRIPTION
Extent 898p
Dimensions cm.
700 ## - ADDED ENTRY--PERSONAL NAME
Personal name Dhirajlal
942 ## - ADDED ENTRY ELEMENTS (KOHA)
Classification part Z2,4, P6
Koha item type Textual
Source of classification or shelving scheme Colon Classification (CC)

No items available.

Copyright @ Delhi University Library System